00459nam a22001817a 4500003000400000008004100004020001800045082001400063100002900077245003400106250000800140260003300148300000800181650003200189700001800221700001900239700001900258OSt250211b |||||||| |||| 00| 0 eng d a9789361354809 a615.6 GUT aGupta, Nitan Bharti (ed) aTextbook of Novel Drug System aIst aNew DelhibAkinik Pub.c2024 a147 aNovel Drug Delivery Systems aKaur, Hardeep aSharma, Ritika aMalger, Pranav